Southville International School and Colleges
Your cart is empty.
  • Cart
  • Lists
    Public lists Eva Luna New books Lux_list list_1
    Your lists Log in to create your own lists
  • Log in to your account
  • Your cookies
  • Search history
Southville International School and Colleges
  • Advanced search
  • Recent comments
  • Most popular
  • Libraries

Log in to your account

Log in with GOOGLE


If you do not have an external account, but do have a local account, you can still log in:

  1. Home
  2. MARC view: Harry Potter and the deathly hallows /
Normal view MARC view ISBD view

Harry Potter and the deathly hallows / (Record no. 287930)

[ view plain ]
MARC details
000 -LEADER
fixed length control field 00652nam a2200181Ia 4500
008 - FIXED-LENGTH DATA ELEMENTS--GENERAL INFORMATION
fixed length control field 150610s9999 xx 000 0 und d
020 ## - INTERNATIONAL STANDARD BOOK NUMBER
International Standard Book Number 9780545139700
050 ## - LIBRARY OF CONGRESS CALL NUMBER
Classification number PR6068
Item number .O93 H37b v.7  
100 ## - MAIN ENTRY--PERSONAL NAME
Personal name Rowling, J.K.
245 ## - TITLE STATEMENT
Title Harry Potter and the deathly hallows /
Statement of responsibility, etc by J.K. Rowling ; illustrations by Mary GrandPre.
260 ## - PUBLICATION, DISTRIBUTION, ETC. (IMPRINT)
Place of publication, distribution, etc New York :
Name of publisher, distributor, etc A. A. Levine Books,
Date of publication, distribution, etc 2009.
300 ## - PHYSICAL DESCRIPTION
Extent 759pages :
Other physical details illustrations ;
Dimensions 20 cm.
440 ## - SERIES STATEMENT/ADDED ENTRY--TITLE
Title Harry Potter ; bk. 7
Volume number/sequential designation v.7
504 ## - BIBLIOGRAPHY, ETC. NOTE
Bibliography, etc Sequel to: Harry Potter and the Half-Blood Prince.
520 ## - SUMMARY, ETC.
Summary, etc Juvenile fiction.
650 ## - SUBJECT ADDED ENTRY--TOPICAL TERM
Topical term or geographic name as entry element England
Topical term following geographic name as entry element Juvenile fiction.
650 ## - SUBJECT ADDED ENTRY--TOPICAL TERM
Topical term or geographic name as entry element Magic
General subdivision Juvenile fiction
Holdings
Withdrawn status Lost status Damaged status Home library Current library Shelving location Date acquired Total Checkouts Full call number Barcode Date last seen Price effective from Koha item type
      Stonyhurst Southville International School (Batangas) Stonyhurst Southville International School (Batangas) High School Section 06/10/2015    PR6068.O93 H37b v.7   US-0789 06/10/2015 06/10/2015 Books

Harry Potter and the deathly hallows /

APA

Rowling J., . (2009). Harry Potter and the deathly hallows. New York: A. A. Levine Books.

Chicago

Rowling J.K, . 2009. Harry Potter and the deathly hallows. New York: A. A. Levine Books.

Harvard

Rowling J., . (2009). Harry Potter and the deathly hallows. New York: A. A. Levine Books.

MLA

Rowling J.K, . Harry Potter and the deathly hallows. New York: A. A. Levine Books. 2009.

  • Place hold
  • Print
  • Cite
  • Add to your cart (remove)
  • Save record
    BIBTEX Dublin Core MARCXML MARC (non-Unicode/MARC-8) MARC (Unicode/UTF-8) MARC (Unicode/UTF-8, Standard) MODS (XML) RIS
  • More searches
    Search for this title in:
    Other Libraries (WorldCat) Other Databases (Google Scholar) Online Stores (Bookfinder.com) Open Library (openlibrary.org)

Exporting to Dublin Core...

SOUTHVILLE LIBRARY

Southville International School and Colleges Library

1281 Tropical Ave. Cor. Luxembourg St., BF Homes International, Las Pinas City

Tel. No. 8256374 / 252358 Loc. 117/146

Powered by Koha